000 00347nam a2200145Ia 4500
008 230917s9999||||xx |||||||||||||| ||und||
040 _e47791
_aMAIN
041 _aEnglish
082 _a853.9 M797M
100 _aMoravia, Alberto
245 0 _aMore Roman tales
260 _aLondon
_bSecker and Warburg
_c1963
300 _a254 p.
942 _cBK
999 _c188140
_d188140